=LDR 00000nam 2200000 4500 =001 INLIS000000000034168 =005 20130612140101 =008 ***********************************ind** =035 ##$$0010-061300000034168 =041 ##$$a ind =082 ##$$a 813 =090 ##$$a 813, Dal m =100 ##$$a Dalkey, Kava =245 ##$$a Mitsuko petualnangan, persahabatan dan cerita seorang gadis bangsawan/ oleh Kara Dalkey; penerjemah, Muhammad H.; Penyunting, Ikhsan =260 ##$$a 2007 $b (s.l) =300 ##$$a 245 hlm., 18 cm =650 ##$$a Fiksi Indonesia =700 ##$$a Mohammad H =850 ##$$a NBPNMAT